Logo BPK

Biblioteka

Politechniki Koszalińskiej

Finite Element Techniques in Structural Mechanics. (Rekord nr 26369)

Szczegóły MARC
000 -ETYKIETA REKORDU
podpole kontrolne o stałej długości 00530nam a2200193 i 4500
001 - NUMER KONTROLNY REKORDU
pole kontrolne bg
040 ## - ŹRÓDŁO KATALOGOWANIA
Instytucja, która utworzyła rekord BPK
041 ## - KOD JĘZYKA
Kod języka tekstu pol
080 ## - UNIWERSALNA KLASYFIKACJA DZIESIĘTNA - UKD
UKD 624:539.3/.6:519.6
008 - POLE O STAŁEJ DŁUGOŚCI - DANE KONTROLNE
podpole kontrolne o stałej długości s pl f |000 0 pol
245 #0 - TYTUŁ/ODPOWIEDZIALNOŚĆ
Tytuł Finite Element Techniques in Structural Mechanics.
250 ## - STREFA WYDANIA
Oznaczenie wydania Ed. by H. Tottenham, S. Brebbia.
260 ## - STREFA ADRESU WYDAWNICZEGO
Miejsce wydania Southampton :
Nazwa wydawcy/dystrybutora Stress Analysis Publ.,
Data publikacji, dystrybucji/powstania dokumentu 1970.
300 ## - STREFA OPISU FIZYCZNEGO
Objętość XI, 301 s. :
Inne cechy fizyczne rys., tab.
504 ## - UWAGA DOTYCZĄCA BIBLIOGRAFII
Informacje o bibliografii [Zawiera bibliogr.].
700 1# - HASŁO DODATKOWE - NAZWA OSOBOWA
Nazwa osobowa TOTTENHAM, H.
700 1# - HASŁO DODATKOWE - NAZWA OSOBOWA
Nazwa osobowa BRABBIA, S.
856 ## - LOKALIZACJA I DOSTĘP DO ELEKTRONICZNYCH DOKUMENTÓW ZDALNYCH
Link (URL) http://koha.tu.koszalin.pl/cgi-bin/koha/opac-detail.pl?biblionumber=26369
Tekst linku Katalog online BPK
942 ## - DODATKOWE ELEMENTY (KOHA)
Typ dokumentu Książka
Egzemplarze
Wycofany Status egzemplarza Uszkodzony Dostępność Lokalizacja stała Lokalizacja bieżąca Miejsce przechowywania Sygnatura Kod kreskowy Typ dokumentu
      Dostępny Biblioteka Politechniki Koszalińskiej Biblioteka Politechniki Koszalińskiej Wypożyczalnia BG 17678 01714050 Książka
© 2023 Biblioteka Politechniki Koszalińskiej :: KOHA